| 000 | 00836pam a22002535a 4500 | ||
|---|---|---|---|
| 001 | 016036194 | ||
| 003 | OSt | ||
| 005 | 20180109122438.0 | ||
| 008 | 120213t2013 paua frb 001 0 eng d | ||
| 020 | _a9781609135331 | ||
| 020 | _a1609135334 | ||
| 040 |
_aStDuBDS _beng _cStDuBDS _dUk _dEG-ScBUE |
||
| 082 | 0 | 4 |
_a618.9200231 _222 _bKYL |
| 100 | 1 |
_aKyle, Terri. _919969 |
|
| 245 | 1 | 0 |
_aPediatric nursing clinical guide / _cTerri Kyle, Susan Carman. |
| 260 |
_aPhiladelphia ; _aLondon : _bWolter Kluwer Health/Lippincott Williams & Wilkins, _cc.2013. |
||
| 300 |
_avii, 449 p. : _bill. ; _c19 cm. |
||
| 504 | _aIncludes bibliographical references and index. | ||
| 650 | 7 |
_aPediatric nursing _vHandbooks, manuals, etc. _2BUEsh _941624 |
|
| 651 | _2BUEsh | ||
| 653 |
_bNNUR _cJanuary2018 |
||
| 700 | 1 |
_aCarman, Susan. _932495 |
|
| 942 | _2ddc | ||
| 999 |
_c25909 _d25881 |
||